Yo soy el monstruo que os habla : informe para una academia de psicoanalistas /

Discurso que emitió el filósofo transgénero español Paul B. Preciado frente a la Ecole de la Cause freudienne en París en el que solicita a la institución alejarse del régimen patriarcal y colonialista y transformar su epistemología sexual y de género.

Guardat en:
Dades bibliogràfiques
Autor principal: Preciado, Paul B. (autor)
Format: Llibre
Idioma:espanyol
Publicat: Barcelona, España : Anagrama, 2022, c2020
Edició:4a edición
Col·lecció:(Nuevos Cuadernos Anagrama ; 29)
Matèries:
Etiquetes: Afegir etiqueta
Sense etiquetes, Sigues el primer a etiquetar aquest registre!

MARC

LEADER 00000nam^a2200000^a^4500
001 000456407
005 20250521000000.0
009 20260310124018.022
020 |a 978-84-339-1643-3 
037 |a Acervo ITESO - Biblioteca 
041 |a ESP 
082 |a 305. 3  |b PRE 
100 |a Preciado, Paul B.  |e (autor) 
245 1 0 |a Yo soy el monstruo que os habla :  |b informe para una academia de psicoanalistas /  |c P.B. Preciado. 
250 |a 4a edición 
264 4 |a Barcelona, España :  |b Anagrama,  |c 2022, c2020 
300 |a 105 p. 
336 |a texto  |b txt  |2 rdacontenido 
337 |a sin mediación  |b n  |2 rdamedio 
338 |a volumen  |b nc  |2 rdasoporte 
440 1 |a (Nuevos Cuadernos Anagrama ;  |v 29) 
500 |a Traducción de: Je suis un monstre qui vous parle: rapport pour une académie de psychanalystes 
520 |a Discurso que emitió el filósofo transgénero español Paul B. Preciado frente a la Ecole de la Cause freudienne en París en el que solicita a la institución alejarse del régimen patriarcal y colonialista y transformar su epistemología sexual y de género. 
521 |a FIL 2022 DIA 
649 |a XX 
650 |a Filósofos Españoles -  |x Discursos 
650 |a Transexuales Españoles -  |x Discursos 
650 |a Transexuales -  |x Condiciones Psicológicas 
650 |a Patriarcado -  |x Aspectos Psicológicos 
650 |a Colonialismo -  |x Aspectos Psicológicos 
650 |a Queer Theory -  |x Tema Principal 
650 |a Transexualismo -  |x Aspectos Psicológicos -  |x Tema Principal 
650 |a Identidad de Género -  |x Aspectos Psicológicos 
650 |a Género -  |x Aspectos Psicológicos 
650 |a Psicoanálisis Freudiano -  |x Tema Principal 
650 |a Psicoanálisis 
650 |a Psicología 
910 |a Fondo General 
920 |a Impresos - Libros 
930 |a Colección General 
905 |a 101 
901 |a 0500387729  |b IT1  |c ACC  |i C180860  |u 20250521 
902 |a https://opac.biblio.iteso.mx/vufind/Record/000456407